Cábriba : (Record no. 15391)
[ view plain ]
| 000 -CABECERA | |
|---|---|
| campo de control de longitud fija | 00753cam a2200217 a 4500 |
| 001 - NÚMERO DE CONTROL | |
| campo de control | 000015847 |
| 005 - FECHA Y HORA DE LA ÚLTIMA TRANSACCIÓN | |
| campo de control | 20200929164156.0 |
| 008 - DATOS DE LONGITUD FIJA--INFORMACIÓN GENERAL | |
| campo de control de longitud fija | 930506s1992 pn 000 0 spa |
| 020 ## - NÚMERO INTERNACIONAL ESTÁNDAR DEL LIBRO | |
| Número Internacional Estándar del Libro | 9806084896 |
| 040 ## - FUENTE DE LA CATALOGACIÓN | |
| Centro catalogador/agencia de origen | DO-SdBNP |
| Lengua de catalogación | spa |
| Centro/agencia transcriptor | BNPHU |
| 082 ## - NÚMERO DE LA CLASIFICACIÓN DECIMAL DEWEY | |
| Número de clasificación | 110 |
| Número de documento/Ítem | H233c |
| 100 1# - ENTRADA PRINCIPAL--NOMBRE DE PERSONA | |
| Nombre de persona | Hanaranda, Mulla. |
| 9 (RLIN) | 35657 |
| 245 10 - MENCIÓN DE TÍTULO | |
| Título | Cábriba : |
| Resto del título | el jardín de los dioses / |
| Mención de responsabilidad, etc. | Mulla Hanaranda ; traducido al castellano y editado por Jorge A. Carrizo. |
| 260 ## - PUBLICACIÓN, DISTRIBUCIÓN, ETC. | |
| Lugar de publicación, distribución, etc. | Panamá : |
| Nombre del editor, distribuidor, etc. | Grupo Metafísico Serapis Bey, |
| Fecha de publicación, distribución, etc. | 1992. |
| 300 ## - DESCRIPCIÓN FÍSICA | |
| Extensión | x, 295 p. ; |
| Dimensiones | 23 cm. |
| 500 ## - NOTA GENERAL | |
| Nota general | Título original Cabriba. |
| 590 ## - NOTA LOCAL (RLIN) | |
| Nota local | La biblioteca posee ejemplar autobiografiado por el traductor. |
| 650 #4 - PUNTO DE ACCESO ADICIONAL DE MATERIA--TÉRMINO DE MATERIA | |
| Término de materia o nombre geográfico como elemento de entrada | Metafisica |
| 9 (RLIN) | 19469 |
| 650 #4 - PUNTO DE ACCESO ADICIONAL DE MATERIA--TÉRMINO DE MATERIA | |
| Término de materia o nombre geográfico como elemento de entrada | Dioses |
| 9 (RLIN) | 35658 |
| 700 1# - PUNTO DE ACCESO ADICIONAL--NOMBRE DE PERSONA | |
| Nombre de persona | Carrizo, Jorge A. |
| Término indicativo de función/relación | tr. |
| 9 (RLIN) | 25974 |
| Estado de retiro | Estado de pérdida | Restricciones de uso | No para préstamo | Código de colección | Localización permanente | Ubicación/localización actual | Ubicación en estantería | Fecha de adquisición | Número de inventario | Total de préstamos | Signatura topográfica completa | Código de barras | Fecha visto por última vez | Precio válido a partir de | Tipo de ítem Koha |
|---|---|---|---|---|---|---|---|---|---|---|---|---|---|---|---|
| Excluido de préstamo | Monografías: Libros y Folletos | General | General | Depósito | 19.02.2010 | LF1 | 110 H233c | 15847-10 | 25.06.2020 | 25.06.2020 | No se presta | ||||
| Monografías: Libros y Folletos | General | General | Orden iniciada | 29.05.2017 | LF1 | 110 H233c | 15847-20 | 25.06.2020 | 25.06.2020 | No se presta |
